| 000 | 01791nam a2200421 i 4500 | ||
|---|---|---|---|
| 001 | 99 | ||
| 003 | gtuscu | ||
| 005 | 20241122143732.0 | ||
| 007 | ta | ||
| 008 | 241122b |||||||| |||| 00| 0 eng d | ||
| 040 |
_agtuscu _bspa _cgtuscu _dgtuscu _erda |
||
| 082 | 0 | 4 | _aUSAC 711 AY973 |
| 100 | 1 |
_aAyala R. Carlos, _eautor |
|
| 245 | 1 | 0 |
_aUrbanismo y paisaje urbano en la Nueva Guatemala : _bcomposición espacial y nueva monumentalidad en la última capital hispano-colonial de Centroamérica / _cCarlos Ayala R. |
| 264 | 1 |
_aGuatemala : _bUniversidad de San Carlos de Guatemala, Facultad de Arquitectura - Dirección de Investigación, _c2022. |
|
| 264 | 1 | _c©2022 | |
| 300 |
_a201 páginas : _bIlustraciones _c27.5 cm |
||
| 336 |
_2rdacontenido _atexto _btxt |
||
| 337 |
_2rdamedio _asin mediación _bn |
||
| 338 |
_2rdasoporte _avolumen _bnc |
||
| 505 | 0 | _gIntroducción | |
| 505 | 0 | _tEl simbolismo de ciudad capital -- | |
| 505 | 0 | _tLas cualidades del sitio seleccionado -- | |
| 505 | 0 | _tLa pureza formal de la nueva traza urbanística -- | |
| 505 | 0 | _tLa alteración de la traza concéntrica -- | |
| 505 | 0 | _tLa cruz como principio de ordenación espacial -- | |
| 505 | 0 | _tEl conjunto central de la capitalidad: la Plaza Mayor -- | |
| 505 | 0 | _tLa conversión de la Calle Real en una composición lineal sacra -- | |
| 505 | 0 | _tOtros espacios públicos significativos -- | |
| 505 | 0 | _tLos templos por sobre todas las cosas -- | |
| 505 | 0 | _tLa catedral o las preeminencias del templo mayor -- | |
| 505 | 0 | _tUn paisajismo urbano como composición templos -- | |
| 505 | 0 | _tLa aguda diferenciación socio espacial -- | |
| 505 | 0 | _tEl desmantelamiento de una composición urbanística. | |
| 650 | 1 | 4 | _aUrbanismo |
| 650 | 1 | 4 |
_aUrbanismo _yHistoria _zGuatemala |
| 942 |
_2ddc _cBK _n0 |
||
| 999 |
_c99 _d99 |
||